000 00768nam a2200241 a 4500
001
003 DO-SdBNP
005 20230206124115.0
008 130708s2012 dr 000 0 spa d
040 _aDO-SdBNP
_bspa
_cBPMSU
082 _aR027.07293
_bD598d 2012
_222
245 1 0 _aDirectorio básico de archivos dominicanos.
260 _aSanto Domingo :
_bArchivo General de la Nación,
_c2012.
300 _a353 p. ;
_c23 cm.
490 0 _aReferencia
_v3
590 _6Inventariado, 2021/VM
650 4 _aArchivos
_zRepública Dominicana
_vDirectorios
651 4 _aRepública Dominicana
_xRecursos de archivo
_vDirectorios.
710 2 _aArchivo General de la Nación (República Dominicana)
830 0 _aReferencia
_v3
910 _aVMateo V.
942 _2ddc
_cBK
999 _c13831
_d13831